000
00311nam a22001217a 4500
008
230619b xxu||||| |||| 00| 0 eng d
082
_a
297.
_b
AND
100
_c
J. N. D. Anderson
245
_a
Islamic Law in Africa
260
_a
London
_b
Her Majesty's Stationery Office
_c
1954
300
_a
409p
942
_2
ddc
_c
BK
999
_c
1256
_d
1256